| 000 | 00936cad a22002295a 4500 | ||
|---|---|---|---|
| 001 | E148747 | ||
| 008 | 091104s2009 xxk f 000 0 eng d | ||
| 035 | _a(Sirsi) u148747 | ||
| 041 | 0 | _aeng | |
| 050 | 0 | 4 | _a333.33 $2 18 |
| 110 | 2 |
_aJones Lang LaSalle _93755 |
|
| 245 | 0 | 0 |
_aPulse _bEuropean office property clock, Q3 2009 _h[electronic resource] |
| 260 |
_a[S.l.] _bJLL _c2009 |
||
| 490 | 0 |
_aJLL European Office Property Clock _vThird Quarter 2009 |
|
| 520 | _aSuggests that rents are stabilising, with the European Office Rental Index (based on the performance of 24 markets) falling by only 0.8% in Q3 2009. However, prime rents are now 16% lower than a year ago. | ||
| 521 | _aAdvanced | ||
| 590 | _aKA | ||
| 651 | 4 | _aEurope | |
| 690 | _aPROPERTY-COMMERCIAL PROPERTY-OFFICE PROPERTY-OFFICE MARKET | ||
| 856 | 4 | 0 |
_uhttps://www.joneslanglasalle.eu _zView the research free of charge at www.joneslanglasalle.eu... |
| 942 | _n0 | ||
| 999 |
_c110204 _d110204 |
||